000 01072nam a2200229Ii 4500
003 JO-AjNU
008 230605s9999||||xx |||||||||||||| ||und||
017 _a2021/12/6778
020 _a978-9957-94-771-2
040 _aJO-AjNU
_bara
_erda
_cJO-AjNU
041 _aara
050 1 4 _aPN5449.J6 2022
100 3 _aشافو،رضوان بن الرتمي,
_eauthor
_963749
245 0 0 _aصورة الاردن في الصحافة الجزائرية العربية 1921-2021م من عهد تأسيس الامارة الى عهد الملك عبدالله الثاني ابن الحسين
250 _aالطبعة الاولى
264 3 1 _aعمان: وزارة الثقافة، 2022
300 _a244ص
_bيحتوي على قائمة مصادر ومراجع وفهرس من ص 217-244ص/ اصدارات مئوية الدولة الاردنية 2021
336 _atext
_btxt
_2rdacontent
337 _aunmediated
_bn
_2rdamedia
338 _avolume
_bnc
_2rdacarrier
650 4 _aالتغطية الصحفية-الصحافة-تاريخ الاردن-الجزائر
_963750
999 _aA28933
_c32501
_d32501